书目信息 |
| 题名: |
古代汉语
|
|
| 作者: | 郭锡良 编著 | |
| 分册: | 上 | |
| 出版信息: | 北京 商务印书馆 1999 |
|
| 页数: | 597页 | |
| 开本: | 20cm | |
| 丛书名: | ||
| 单 册: | ||
| 中图分类: | H109.2 | |
| 科图分类: | ||
| 主题词: | 汉语 | |
| 电子资源: | ||
| ISBN: | 7-100-02602-4 | |
| 000 | 00545nam0 2200193 45 | |
| 001 | 0003170905 | |
| 005 | 20070720093037.04 | |
| 010 | @a7-100-02602-4@dCNY30.00 | |
| 100 | @a20000317d1999 km y0chiy0120 ea | |
| 101 | @achi | |
| 102 | @aCN@b110000 | |
| 200 | 1 | @a古代汉语@AGu Dai Han Yu@h上@b修订本@f郭锡良等编著@FGuo Xi Liang Deng Bian Zhu |
| 210 | @a北京@c商务印书馆@d1999@h2004 | |
| 215 | @a597页@d20cm | |
| 606 | 0 | @a汉语 |
| 690 | @aH109.2@v2 | |
| 701 | 0 | @a郭锡良@4编著 |
| 801 | @aCN@bTSTC@c20070720 | |
| 905 | @f5@b286013-017@dH109.2@e1:1=2≈2 | |
| 古代汉语.上[修订本]/郭锡良等编著.-北京:商务印书馆,1999(2004) |
| 597页;20cm |
| ISBN 7-100-02602-4:CNY30.00 |
| ● |
| 相关链接 |
|
|
|
|
正题名:古代汉语
索取号:H109.2/1:1=2≈2
 
预约/预借
| 序号 | 登录号 | 条形码 | 馆藏地/架位号 | 状态 | 备注 |
| 1 | 0672825 | 206728255 | 第二样本阅览室/ [索取号:H109.2/1:1=2≈2] | 在馆 | |
| 2 | 0769489 | 207694896 | 密集书库/ [索取号:H109.2/1:1=2≈2] | 在馆 | |
| 3 | 0775406 | 207754063 | 密集书库/ [索取号:H109.2/1:1=2≈2] | 在馆 | |
| 4 | 0778366 | 207783665 | 密集书库/ [索取号:H109.2/1:1=2≈2] | 在馆 | |
| 5 | 0778857 | 207788571 | 密集书库/ [索取号:H109.2/1:1=2≈2] | 在馆 | |
| 6 | 0779111 | 207791111 | 密集书库/ [索取号:H109.2/1:1=2≈2] | 在馆 |